LEADER 03756nam 2200709 a 450 001 9910965794203321 005 20240514031844.0 010 $a9786613280145 010 $a9781283280143 010 $a1283280140 010 $a9789027275493 010 $a9027275491 024 7 $a10.1075/nlp.1 035 $a(CKB)2670000000114137 035 $a(EBL)769695 035 $a(OCoLC)751695224 035 $a(SSID)ssj0000685785 035 $a(PQKBManifestationID)11402902 035 $a(PQKBTitleCode)TC0000685785 035 $a(PQKBWorkID)10731043 035 $a(PQKB)10361571 035 $a(MiAaPQ)EBC769695 035 $a(Au-PeEL)EBL769695 035 $a(CaPaEBR)ebr10500260 035 $a(DE-B1597)720568 035 $a(DE-B1597)9789027275493 035 $a(EXLCZ)992670000000114137 100 $a20000623d2000 uy 0 101 0 $aeng 135 $aur|n|---||||| 181 $ctxt 182 $cc 183 $acr 200 00$aAbduction, belief and context in dialogue $estudies in computational pragmatics /$fedited by Harry Bunt, William Black 205 $a1st ed. 210 $aAmsterdam ;$aPhiladelphia $cJ. Benjamins$dc2000 215 $a1 online resource (477 p.) 225 1 $aNatural language processing,$x1567-8202 ;$vv. 1 300 $aDescription based upon print version of record. 311 08$a9789027249838 311 08$a9027249830 320 $aIncludes bibliographical references and index. 327 $aAbduction, Belief and Context in DialogueStudies in Computational Pragmatics; Editorial page; Title page; Copyright page; Table of contents; The ABC of Computational Pragmatics; An activity-based approach to pragmatics; Dialogue pragmatics and context specification; Pragmatics in language understanding and cognitively motivated architectures; Dialogue analysis using layered protocols; Coherence and structure in text and discourse; Discourse focus tracking; Speech act theory and epistemic planning; Context and form: declarative or interrogative, that is the question 327 $aThe doxastic-epistemic force of declarative utterancesA conceptual modelling approach to the implementation of beliefs and intentions; Abduction and induction: a real distinction?; Laconic discourses and total eclipses: abduction in DICE; Abductive reasoning with knowledge bases for context modelling; Abductive speech act recognition, corporate agents, and the COSMA system; List of Contributors; Index 330 $aLanguage is always generated and interpreted in a certain context, and the semantic, syntactic, and lexical properties of linguistic expressions reflect this. Interactive language understanding systems, such as language-based dialogue systems, therefore have to apply contextual information to interpret their inputs and to generate appropriate outputs, but are in practice very poor at this. This book contains a number of studies in Computational Pragmatics, the newly emerging field of study of how contextual information can be effectively brought to bear in language understanding and generation 410 0$aNatural language processing (Amsterdam, Netherlands) ;$vv. 1. 606 $aPragmatics$xData processing 606 $aDialogue analysis$xData processing 606 $aDiscourse analysis$xData processing 615 0$aPragmatics$xData processing. 615 0$aDialogue analysis$xData processing. 615 0$aDiscourse analysis$xData processing. 676 $a306.44 701 $aBunt$b Harry C$0324367 701 $aBlack$b W. J$01801527 801 0$bMiAaPQ 801 1$bMiAaPQ 801 2$bMiAaPQ 906 $aBOOK 912 $a9910965794203321 996 $aAbduction, belief and context in dialogue$94346803 997 $aUNINA LEADER 00944nam2 22002773i 450 001 RAV2094788 005 20251003044332.0 010 $a8802034435 100 $a20191111d1979 ||||0itac50 ba 101 | $aita 102 $ait 181 1$6z01$ai $bxxxe 182 1$6z01$an 183 1$6z01$anc$2RDAcarrier 200 0 $a1$fRaoul Manselli 210 $aTorino$cUnione tipografico-editrice torinese$d1979 215 $aXVI, 662 p., [39] carte di tav.$cill.$d25 cm. 462 1$1001RAV0125315$12001 $aˆ8: L'‰Europa medioevale.$v1 700 1$aManselli$b, Raoul$3CFIV022539$0153506 801 3$aIT$bIT-000000$c20191111 850 $aIT-BN0095 912 $aRAV2094788 950 2$aBiblioteca Centralizzata di Ateneo$cv. 1-20$d 01STORICA 15 NUOSUD$e 01AR 0070033645 VMA (008.1 v. 8.1 (Rist. 1987)$fB $h20250723$i20250723 977 $a 01 996 $a1$91884610 997 $aUNISANNIO